<?xml version="1.0" encoding="UTF-8"?>
<collection xmlns="http://www.loc.gov/MARC21/slim">
 <record>
  <leader>08670cam a2201129   4500</leader>
  <controlfield tag="001">726936367</controlfield>
  <controlfield tag="003">DE-627</controlfield>
  <controlfield tag="005">20241118110254.0</controlfield>
  <controlfield tag="007">tu</controlfield>
  <controlfield tag="008">121005s2012    gw ||||| cc   00| ||ger c</controlfield>
  <datafield tag="010" ind1=" " ind2=" ">
   <subfield code="a">  2012510887</subfield>
  </datafield>
  <datafield tag="015" ind1=" " ind2=" ">
   <subfield code="a">12,N40</subfield>
   <subfield code="2">dnb</subfield>
  </datafield>
  <datafield tag="016" ind1="7" ind2=" ">
   <subfield code="a">1026255058</subfield>
   <subfield code="2">DE-101</subfield>
  </datafield>
  <datafield tag="020" ind1=" " ind2=" ">
   <subfield code="a">9783777490212</subfield>
   <subfield code="c">Gb. : ca. EUR 59.00 (DE), ca. EUR 60.70 (AT)</subfield>
   <subfield code="9">978-3-7774-9021-2</subfield>
  </datafield>
  <datafield tag="024" ind1="3" ind2=" ">
   <subfield code="a">9783777490212</subfield>
  </datafield>
  <datafield tag="035" ind1=" " ind2=" ">
   <subfield code="a">(DE-627)726936367</subfield>
  </datafield>
  <datafield tag="035" ind1=" " ind2=" ">
   <subfield code="a">(DE-576)37591126X</subfield>
  </datafield>
  <datafield tag="035" ind1=" " ind2=" ">
   <subfield code="a">(DE-599)DNB1026255058</subfield>
  </datafield>
  <datafield tag="035" ind1=" " ind2=" ">
   <subfield code="a">(OCoLC)818416059</subfield>
  </datafield>
  <datafield tag="035" ind1=" " ind2=" ">
   <subfield code="a">(OCoLC)820385768</subfield>
  </datafield>
  <datafield tag="040" ind1=" " ind2=" ">
   <subfield code="a">DE-627</subfield>
   <subfield code="b">ger</subfield>
   <subfield code="c">DE-627</subfield>
   <subfield code="e">rakwb</subfield>
  </datafield>
  <datafield tag="041" ind1=" " ind2=" ">
   <subfield code="a">ger</subfield>
   <subfield code="a">eng</subfield>
  </datafield>
  <datafield tag="044" ind1=" " ind2=" ">
   <subfield code="c">XA-DE-BY</subfield>
  </datafield>
  <datafield tag="050" ind1=" " ind2="0">
   <subfield code="a">ND1337.F8</subfield>
  </datafield>
  <datafield tag="082" ind1="0" ind2=" ">
   <subfield code="a">709.944</subfield>
   <subfield code="q">LOC</subfield>
  </datafield>
  <datafield tag="082" ind1="0" ind2="4">
   <subfield code="a">750</subfield>
   <subfield code="q">DNB</subfield>
  </datafield>
  <datafield tag="082" ind1="0" ind2="4">
   <subfield code="a">700</subfield>
  </datafield>
  <datafield tag="084" ind1=" " ind2=" ">
   <subfield code="a">9,10</subfield>
   <subfield code="2">ssgn</subfield>
  </datafield>
  <datafield tag="084" ind1=" " ind2=" ">
   <subfield code="a">LM 83360</subfield>
   <subfield code="q">OBV</subfield>
   <subfield code="2">rvk</subfield>
   <subfield code="0">(DE-625)rvk/101483:</subfield>
  </datafield>
  <datafield tag="084" ind1=" " ind2=" ">
   <subfield code="a">LH 29912</subfield>
   <subfield code="q">BVB</subfield>
   <subfield code="2">rvk</subfield>
   <subfield code="0">(DE-625)rvk/92920:</subfield>
  </datafield>
  <datafield tag="084" ind1=" " ind2=" ">
   <subfield code="a">LM 83370</subfield>
   <subfield code="q">BVB</subfield>
   <subfield code="2">rvk</subfield>
   <subfield code="0">(DE-625)rvk/101484:</subfield>
  </datafield>
  <datafield tag="084" ind1=" " ind2=" ">
   <subfield code="a">LM 83530</subfield>
   <subfield code="q">BVB</subfield>
   <subfield code="2">rvk</subfield>
   <subfield code="0">(DE-625)rvk/101494:</subfield>
  </datafield>
  <datafield tag="084" ind1=" " ind2=" ">
   <subfield code="a">LH 31780</subfield>
   <subfield code="q">BVB</subfield>
   <subfield code="2">rvk</subfield>
   <subfield code="0">(DE-625)rvk/93024:</subfield>
  </datafield>
  <datafield tag="084" ind1=" " ind2=" ">
   <subfield code="a">LH 41780</subfield>
   <subfield code="q">BVB</subfield>
   <subfield code="2">rvk</subfield>
   <subfield code="0">(DE-625)rvk/93432:</subfield>
  </datafield>
  <datafield tag="084" ind1=" " ind2=" ">
   <subfield code="a">21.10</subfield>
   <subfield code="2">bkl</subfield>
  </datafield>
  <datafield tag="245" ind1="1" ind2="0">
   <subfield code="a">Miniaturen der Zeit Marie Antoinettes aus der Sammlung Tansey</subfield>
   <subfield code="b"> = Miniatures from the time of Marie Antoinette in the Tansey Collection</subfield>
   <subfield code="c">hrsg. von der Stiftung Miniaturensammlung Tansey im Bomann-Museum Celle. Bearb. von Bernd Pappe; Juliane Schmieglitz-Otten. Aufn. von Birgitt Schmedding</subfield>
  </datafield>
  <datafield tag="246" ind1="3" ind2="1">
   <subfield code="a">Miniatures from the time of Marie Antoinette in the Tansey Collection</subfield>
  </datafield>
  <datafield tag="264" ind1=" " ind2="1">
   <subfield code="a">München</subfield>
   <subfield code="b">Hirmer</subfield>
   <subfield code="c">2012</subfield>
  </datafield>
  <datafield tag="300" ind1=" " ind2=" ">
   <subfield code="a">500 S.</subfield>
   <subfield code="b">zahlr. Ill.</subfield>
   <subfield code="c">300 mm x 240 mm</subfield>
  </datafield>
  <datafield tag="336" ind1=" " ind2=" ">
   <subfield code="a">Text</subfield>
   <subfield code="b">txt</subfield>
   <subfield code="2">rdacontent</subfield>
  </datafield>
  <datafield tag="336" ind1=" " ind2=" ">
   <subfield code="a">unbewegtes Bild</subfield>
   <subfield code="b">sti</subfield>
   <subfield code="2">rdacontent</subfield>
  </datafield>
  <datafield tag="337" ind1=" " ind2=" ">
   <subfield code="a">ohne Hilfsmittel zu benutzen</subfield>
   <subfield code="b">n</subfield>
   <subfield code="2">rdamedia</subfield>
  </datafield>
  <datafield tag="338" ind1=" " ind2=" ">
   <subfield code="a">Band</subfield>
   <subfield code="b">nc</subfield>
   <subfield code="2">rdacarrier</subfield>
  </datafield>
  <datafield tag="500" ind1=" " ind2=" ">
   <subfield code="a">Ausstellungskatalog. - Text in dt. und engl. Sprache. - Dieses Buch erscheint als fünfter Band einer Reihe, die die Sammlung Tansey unter verschiedenen inhaltlichen Schwerpunkten vorstellt</subfield>
  </datafield>
  <datafield tag="505" ind1="8" ind2="0">
   <subfield code="t">Miniaturen der Zeit Marie Antoinettes in der Sammlung Tansey =Miniatures from the time of Marie Antoinette in the Tansey Collection</subfield>
   <subfield code="r">Bernd Pappe</subfield>
  </datafield>
  <datafield tag="505" ind1="8" ind2="0">
   <subfield code="t">&quot;Es ist nicht die Miniatur, die glänzt&quot; :Die Pariser Miniaturisten zur Zeit Marie Antoinettes =&quot;It is not the miniature that excels&quot; :the Paris miniaturists in the time of Marie Antoinette</subfield>
   <subfield code="r">Gerrit Walczak</subfield>
  </datafield>
  <datafield tag="505" ind1="8" ind2="0">
   <subfield code="t">Die Miniaturmaler am Hof Ludwigs XVI :Auf dem Königsweg oder über Umwege zum Ruhm =Miniature painters at the Court of Louis XVI :the royal road and detours to fame</subfield>
   <subfield code="r">Nathalie Lemoine-Bouchard</subfield>
  </datafield>
  <datafield tag="505" ind1="8" ind2="0">
   <subfield code="t">&quot;Nichts vom Kleinlichen der Miniatur&quot; :Die Ausstrahlung der Kinst Peter Adolf Halls in Frankreich =&quot;None of the pettiness of the miniature&quot; :the impact of the art of Peter Adolf Hall in France</subfield>
   <subfield code="r">Bernd Pappe</subfield>
  </datafield>
  <datafield tag="505" ind1="8" ind2="0">
   <subfield code="t">Ignazio Pio Vittoriano Campana (1744-1786), Peintre ordinaire du cabinet Marie Antoinettes :Aus dem Turin Karl Emanuels III. in Paris Ludwigs XVI =Ignazio Pio Vittoriano Campana (1744-1786), Peintre ordinaire du cabinet of Marie Antoinette :from the Turin of Charles Emmanuel III to the Paris of Louis XVI</subfield>
   <subfield code="r">Bernardo Falconi</subfield>
  </datafield>
  <datafield tag="505" ind1="8" ind2="0">
   <subfield code="t">Glücksmomente :Kulturgeschichtliche Einblicke in eine Zeit des Übergangs =Moments of happiness :insights into a time of cultural transition</subfield>
   <subfield code="r">Juliane Schmieglitz-Otten</subfield>
  </datafield>
  <datafield tag="505" ind1="8" ind2="0">
   <subfield code="t">Kurzbiographien der Miniaturisten =Short biographies of the miniaturists.</subfield>
  </datafield>
  <datafield tag="520" ind1=" " ind2=" ">
   <subfield code="a">Der Miniatur der Zeit Marie Antoinettes wird hier erstmals eine eigene Publikation gewidmet. Die Autoren Bernd Pappe und Juliane Schmieglitz-Otten, renommierte Kenner der Materie, stellen die 168 Werke vorwiegend französischer Künstler aus verschiedenen Perspektiven vor. Einleitende Aufsätze zu spezifischen Aspekten, verfasst von führenden Spezialisten des Fachs, beleuchten diese faszinierende Epoche der Bildnisminiatur zusätzlich. Die hervorragenden Aufnahmen von Birgitt Schmedding geben alle Werke farbig und in Originalgrösse, manchmal zusätzlich in vergrösserten Details, wieder. Exhibition: Bomann Museum Celle, Germany (25.1.2013-Late 2015)</subfield>
  </datafield>
  <datafield tag="546" ind1=" " ind2=" ">
   <subfield code="a">Text dt. und engl.</subfield>
  </datafield>
  <datafield tag="583" ind1="1" ind2=" ">
   <subfield code="a">Archivierung/Langzeitarchivierung gewährleistet</subfield>
   <subfield code="f">SSG</subfield>
   <subfield code="x">XA-DE-BW</subfield>
   <subfield code="2">pdager</subfield>
   <subfield code="5">DE-16</subfield>
  </datafield>
  <datafield tag="583" ind1="1" ind2=" ">
   <subfield code="a">Archivierung prüfen</subfield>
   <subfield code="c">20241027</subfield>
   <subfield code="f">DE-4165</subfield>
   <subfield code="z">3</subfield>
   <subfield code="2">pdager</subfield>
  </datafield>
  <datafield tag="600" ind1="1" ind2="0">
   <subfield code="a">Tansey, Ernest</subfield>
   <subfield code="x">Art collections</subfield>
   <subfield code="v">Exhibitions</subfield>
  </datafield>
  <datafield tag="600" ind1="1" ind2="0">
   <subfield code="a">Tansey, Lieselotte</subfield>
   <subfield code="x">Art collections</subfield>
   <subfield code="v">Exhibitions</subfield>
  </datafield>
  <datafield tag="610" ind1="1" ind2="0">
   <subfield code="a">Bomann-Museum</subfield>
   <subfield code="b">Stiftung Miniaturensammlung Tansey</subfield>
   <subfield code="v">Exhibitions</subfield>
  </datafield>
  <datafield tag="650" ind1=" " ind2="0">
   <subfield code="a">Portrait miniatures, French</subfield>
   <subfield code="y">18th century</subfield>
   <subfield code="v">Exhibitions</subfield>
  </datafield>
  <datafield tag="655" ind1=" " ind2="7">
   <subfield code="a">Katalog</subfield>
   <subfield code="0">(DE-588)4163417-2</subfield>
   <subfield code="0">(DE-627)105454966</subfield>
   <subfield code="0">(DE-576)209880899</subfield>
   <subfield code="2">gnd-content</subfield>
  </datafield>
  <datafield tag="655" ind1=" " ind2="7">
   <subfield code="a">Ausstellungskatalog</subfield>
   <subfield code="0">(DE-588)4135467-9</subfield>
   <subfield code="0">(DE-627)10566491X</subfield>
   <subfield code="0">(DE-576)209660988</subfield>
   <subfield code="2">gnd-content</subfield>
  </datafield>
  <datafield tag="689" ind1="0" ind2="0">
   <subfield code="d">u</subfield>
   <subfield code="0">(DE-588)1044392266</subfield>
   <subfield code="0">(DE-627)771953003</subfield>
   <subfield code="0">(DE-576)397045514</subfield>
   <subfield code="a">Miniaturensammlung Tansey</subfield>
   <subfield code="2">gnd</subfield>
  </datafield>
  <datafield tag="689" ind1="0" ind2=" ">
   <subfield code="5">DE-101</subfield>
  </datafield>
  <datafield tag="689" ind1="1" ind2="0">
   <subfield code="d">g</subfield>
   <subfield code="0">(DE-588)4018145-5</subfield>
   <subfield code="0">(DE-627)106327232</subfield>
   <subfield code="0">(DE-576)208922857</subfield>
   <subfield code="a">Frankreich</subfield>
   <subfield code="2">gnd</subfield>
  </datafield>
  <datafield tag="689" ind1="1" ind2="1">
   <subfield code="d">s</subfield>
   <subfield code="0">(DE-588)4124930-6</subfield>
   <subfield code="0">(DE-627)104778385</subfield>
   <subfield code="0">(DE-576)209572272</subfield>
   <subfield code="a">Rokoko</subfield>
   <subfield code="2">gnd</subfield>
  </datafield>
  <datafield tag="689" ind1="1" ind2="2">
   <subfield code="d">s</subfield>
   <subfield code="0">(DE-588)4145427-3</subfield>
   <subfield code="0">(DE-627)105591076</subfield>
   <subfield code="0">(DE-576)209741406</subfield>
   <subfield code="a">Bildnisminiatur</subfield>
   <subfield code="2">gnd</subfield>
  </datafield>
  <datafield tag="689" ind1="1" ind2="3">
   <subfield code="a">z</subfield>
   <subfield code="2">gnd</subfield>
   <subfield code="a">Geschichte 1781-1789</subfield>
  </datafield>
  <datafield tag="689" ind1="1" ind2="4">
   <subfield code="d">s</subfield>
   <subfield code="0">(DE-588)4128844-0</subfield>
   <subfield code="0">(DE-627)105714259</subfield>
   <subfield code="0">(DE-576)209605545</subfield>
   <subfield code="a">Sammlung</subfield>
   <subfield code="2">gnd</subfield>
  </datafield>
  <datafield tag="689" ind1="1" ind2=" ">
   <subfield code="5">DE-101</subfield>
  </datafield>
  <datafield tag="700" ind1="1" ind2=" ">
   <subfield code="a">Pappe, Bernd</subfield>
   <subfield code="d">1966-</subfield>
   <subfield code="e">Bearb.</subfield>
   <subfield code="0">(DE-588)122436229</subfield>
   <subfield code="0">(DE-627)081941412</subfield>
   <subfield code="0">(DE-576)185805655</subfield>
   <subfield code="4">adp</subfield>
  </datafield>
  <datafield tag="700" ind1="1" ind2=" ">
   <subfield code="a">Schmieglitz-Otten, Juliane</subfield>
   <subfield code="d">1961-</subfield>
   <subfield code="0">(DE-588)1026016738</subfield>
   <subfield code="0">(DE-627)72592215X</subfield>
   <subfield code="0">(DE-576)371006546</subfield>
   <subfield code="4">oth</subfield>
  </datafield>
  <datafield tag="700" ind1="1" ind2=" ">
   <subfield code="a">Schmedding, Birgitt</subfield>
   <subfield code="d">1964-</subfield>
   <subfield code="e">Ill.</subfield>
   <subfield code="0">(DE-588)1119937736</subfield>
   <subfield code="0">(DE-627)873059816</subfield>
   <subfield code="0">(DE-576)480084939</subfield>
   <subfield code="4">ill</subfield>
  </datafield>
  <datafield tag="700" ind1="1" ind2=" ">
   <subfield code="a">Tansey, Lieselotte</subfield>
   <subfield code="d">1920-2016</subfield>
   <subfield code="0">(DE-588)122355628</subfield>
   <subfield code="0">(DE-627)705875547</subfield>
   <subfield code="0">(DE-576)214189651</subfield>
   <subfield code="4">oth</subfield>
  </datafield>
  <datafield tag="700" ind1="1" ind2=" ">
   <subfield code="a">Tansey, Ernest</subfield>
   <subfield code="d">1921-2014</subfield>
   <subfield code="0">(DE-588)12235561X</subfield>
   <subfield code="0">(DE-627)705875539</subfield>
   <subfield code="0">(DE-576)214189643</subfield>
   <subfield code="4">oth</subfield>
  </datafield>
  <datafield tag="710" ind1="2" ind2=" ">
   <subfield code="a">Stiftung Miniaturensammlung Tansey</subfield>
   <subfield code="0">(DE-588)5517650-1</subfield>
   <subfield code="0">(DE-627)328335169</subfield>
   <subfield code="0">(DE-576)198158351</subfield>
   <subfield code="4">oth</subfield>
  </datafield>
  <datafield tag="710" ind1="2" ind2=" ">
   <subfield code="a">Bomann-Museum Celle</subfield>
   <subfield code="b">Sammlung Robert Simon</subfield>
   <subfield code="0">(DE-588)16169066-X</subfield>
   <subfield code="0">(DE-627)714873543</subfield>
   <subfield code="0">(DE-576)320300447</subfield>
   <subfield code="4">oth</subfield>
  </datafield>
  <datafield tag="787" ind1="0" ind2="8">
   <subfield code="i">Rezensiert in</subfield>
   <subfield code="a">Cremer, Annette C., 1971 - </subfield>
   <subfield code="t">[Rezension von: Bernd Pappe / Juliane Schmieglitz-Otten (Bearb.), Miniaturen der Zeit Marie Antoinettes aus der Sammlung Tansey]</subfield>
   <subfield code="d">2013</subfield>
   <subfield code="w">(DE-627)1801062412</subfield>
  </datafield>
  <datafield tag="856" ind1="4" ind2="2">
   <subfield code="u">http://deposit.dnb.de/cgi-bin/dokserv?id=4127997&amp;prov=M&amp;dok_var=1&amp;dok_ext=htm</subfield>
   <subfield code="q">text/html</subfield>
   <subfield code="x">Verlag</subfield>
   <subfield code="3">Inhaltstext</subfield>
  </datafield>
  <datafield tag="856" ind1="4" ind2="2">
   <subfield code="u">https://swbplus.bsz-bw.de/bsz37591126Xrez.htm</subfield>
   <subfield code="m">B:DE-576;DE-16</subfield>
   <subfield code="q">application/pdf</subfield>
   <subfield code="v">20130524085410</subfield>
   <subfield code="x">Verlag</subfield>
   <subfield code="3">Rezension</subfield>
  </datafield>
  <datafield tag="856" ind1="4" ind2="2">
   <subfield code="u">http://www.sehepunkte.de/2013/05/22935.html</subfield>
   <subfield code="m">V:DE-576;X:Sehepunkte</subfield>
   <subfield code="q">text/html</subfield>
   <subfield code="v">20180417093411</subfield>
   <subfield code="3">Rezension</subfield>
  </datafield>
  <datafield tag="935" ind1=" " ind2=" ">
   <subfield code="i">Blocktest</subfield>
  </datafield>
  <datafield tag="936" ind1="r" ind2="v">
   <subfield code="a">LM 83360</subfield>
   <subfield code="b">Barock, Rokoko</subfield>
   <subfield code="k">Kunstgeschichte</subfield>
   <subfield code="k">Kunst nach Ländern bzw. Kontinenten</subfield>
   <subfield code="k">Frankreich</subfield>
   <subfield code="k">Französische Kunstgeschichte nach Gattungen</subfield>
   <subfield code="k">Malerei</subfield>
   <subfield code="k">Einzelne Epochen</subfield>
   <subfield code="k">Barock, Rokoko</subfield>
   <subfield code="0">(DE-627)1271138352</subfield>
   <subfield code="0">(DE-625)rvk/101483:</subfield>
   <subfield code="0">(DE-576)201138352</subfield>
  </datafield>
  <datafield tag="936" ind1="r" ind2="v">
   <subfield code="a">LH 29912</subfield>
   <subfield code="b">Privatsammlungen</subfield>
   <subfield code="k">Kunstgeschichte</subfield>
   <subfield code="k">Allgemeines. Allgemeine Kunstgeschichte</subfield>
   <subfield code="k">Museumskunde. Museumskataloge</subfield>
   <subfield code="k">Privatsammlungen</subfield>
   <subfield code="0">(DE-627)127069927X</subfield>
   <subfield code="0">(DE-625)rvk/92920:</subfield>
   <subfield code="0">(DE-576)20069927X</subfield>
  </datafield>
  <datafield tag="936" ind1="r" ind2="v">
   <subfield code="a">LM 83370</subfield>
   <subfield code="b">Klassizismus (sowie 18. und 19. Jahrhundert)</subfield>
   <subfield code="k">Kunstgeschichte</subfield>
   <subfield code="k">Kunst nach Ländern bzw. Kontinenten</subfield>
   <subfield code="k">Frankreich</subfield>
   <subfield code="k">Französische Kunstgeschichte nach Gattungen</subfield>
   <subfield code="k">Malerei</subfield>
   <subfield code="k">Einzelne Epochen</subfield>
   <subfield code="k">Klassizismus (sowie 18. und 19. Jahrhundert)</subfield>
   <subfield code="0">(DE-627)1270880659</subfield>
   <subfield code="0">(DE-625)rvk/101484:</subfield>
   <subfield code="0">(DE-576)200880659</subfield>
  </datafield>
  <datafield tag="936" ind1="r" ind2="v">
   <subfield code="a">LM 83530</subfield>
   <subfield code="b">Porträt</subfield>
   <subfield code="k">Kunstgeschichte</subfield>
   <subfield code="k">Kunst nach Ländern bzw. Kontinenten</subfield>
   <subfield code="k">Frankreich</subfield>
   <subfield code="k">Französische Kunstgeschichte nach Gattungen</subfield>
   <subfield code="k">Malerei</subfield>
   <subfield code="k">Gegenstände (Darstellungen nichtikonographischen Charakters)</subfield>
   <subfield code="k">Porträt</subfield>
   <subfield code="0">(DE-627)1271138387</subfield>
   <subfield code="0">(DE-625)rvk/101494:</subfield>
   <subfield code="0">(DE-576)201138387</subfield>
  </datafield>
  <datafield tag="936" ind1="r" ind2="v">
   <subfield code="a">LH 31780</subfield>
   <subfield code="b">Celle</subfield>
   <subfield code="k">Kunstgeschichte</subfield>
   <subfield code="k">Allgemeines. Allgemeine Kunstgeschichte</subfield>
   <subfield code="k">Museumskunde. Museumskataloge</subfield>
   <subfield code="k">Kataloge einzelner Museen; Schrifttum über einzelne Museen</subfield>
   <subfield code="k">Orte C</subfield>
   <subfield code="k">Celle</subfield>
   <subfield code="0">(DE-627)1272689352</subfield>
   <subfield code="0">(DE-625)rvk/93024:</subfield>
   <subfield code="0">(DE-576)202689352</subfield>
  </datafield>
  <datafield tag="936" ind1="r" ind2="v">
   <subfield code="a">LH 41780</subfield>
   <subfield code="b">Celle</subfield>
   <subfield code="k">Kunstgeschichte</subfield>
   <subfield code="k">Allgemeines. Allgemeine Kunstgeschichte</subfield>
   <subfield code="k">Ausstellungswesen, Ausstellungskataloge</subfield>
   <subfield code="k">Ausstellungskataloge</subfield>
   <subfield code="k">Orte C</subfield>
   <subfield code="k">Celle</subfield>
   <subfield code="0">(DE-627)1272691535</subfield>
   <subfield code="0">(DE-625)rvk/93432:</subfield>
   <subfield code="0">(DE-576)202691535</subfield>
  </datafield>
  <datafield tag="936" ind1="b" ind2="k">
   <subfield code="a">21.10</subfield>
   <subfield code="j">Miniaturmalerei</subfield>
   <subfield code="0">(DE-627)10640668X</subfield>
  </datafield>
  <datafield tag="951" ind1=" " ind2=" ">
   <subfield code="a">BO</subfield>
  </datafield>
  <datafield tag="990" ind1=" " ind2=" ">
   <subfield code="a">Miniaturensammlung Tansey</subfield>
  </datafield>
  <datafield tag="990" ind1=" " ind2=" ">
   <subfield code="a">Frankreich</subfield>
  </datafield>
  <datafield tag="990" ind1=" " ind2=" ">
   <subfield code="a">Rokoko</subfield>
  </datafield>
  <datafield tag="990" ind1=" " ind2=" ">
   <subfield code="a">Bildnisminiatur</subfield>
  </datafield>
  <datafield tag="990" ind1=" " ind2=" ">
   <subfield code="a">Geschichte 1781-1789</subfield>
  </datafield>
  <datafield tag="990" ind1=" " ind2=" ">
   <subfield code="a">Sammlung</subfield>
  </datafield>
  <datafield tag="991" ind1=" " ind2=" ">
   <subfield code="a">Rezensiertes Werk</subfield>
  </datafield>
  <datafield tag="999" ind1=" " ind2=" ">
   <subfield code="a">KXP-PPN726936367</subfield>
   <subfield code="e">4179791919</subfield>
  </datafield>
 </record>
</collection>
